Paesi ospitanti Olimpiadi invernali - Quiz con mappa - Statistics

Statistiche generali
  • Questo quiz è stato fatto 45 volte
  • Il punteggio medio è 13 su 13
Risposte nella Mappa
Le risposte nella mappa del quiz sottostante sono codificate secondo una scala di colori dal rosso al verde in base alla % di persone che hanno risposto correttamente.
 
Statistiche sulle risposte
Anno Paese % Corretto
19882010 Canada
100%
2018 Corea del Sud
100%
19241968 1992 Francia
100%
19562006 Italia
100%
2014 Russia
100%
19321960
1980 2002
Stati Uniti
100%
19641976 Austria
98%
2022 Cina
98%
1936 Germania
98%
19721998 Giappone
98%
19521994 Norvegia
98%
19281948 Svizzera
96%
1984 Bosnia ed Erzegovina
89%
Nessun quiz corrispondente trovato
Distribuzione punteggi
Percentuale di utenti per punteggio
Percentile per numero di risposta
I tuoi punteggi nel tempo
Non hai fatto questo quiz